000 01222nam a2200277Ia 4500
003 OSt
005 20221005110906.0
006 a|||||r|||| 00| 0
007 ta
008 221004b |||||||| |||| 00| 0 hin d
020 _a9788126722549 (hbk)
_c600
024 _a12353
037 _bBR8015, 13/03/2014, Rajkamal Prakashan Pvt. Ltd.
_cTextual
040 _aCRL
_cCRL
_bhin
041 _2hin
_ahin
082 _aP152,3:g, Q1.2
100 _aवडनेरकर, अजित
245 0 _aशब्दों का सफ़र
_b हिन्दी की शब्द - संपदा के जन्म - सूत्रों की तलाश और विवेचना
246 _aShabdoan kā saफ़ra: hindī kī shabda - sanpadā ke janma - sūtroan kī talāsh aur vivechanā
260 _aनई दिल्ली
_bराजकमल प्रकाशन भारत
_c2011
300 _a375पृ0
_ccm.
490 _vदूसरा पड़ाव
650 _aहिन्दी साहित्य
942 _hP152,3:g, Q1.2
_cTEXL
_2cc
999 _c1020211
_d1020211